| 000 | 00724nam a22002177a 4500 | ||
|---|---|---|---|
| 005 | 20260116115217.0 | ||
| 010 | _aENG-147505-506 | ||
| 020 |
_a9789371364669 _c729.00 |
||
| 035 | _aEN-131037-038 | ||
| 037 | _bDBAD | ||
| 082 |
_a515 _21 |
||
| 100 |
_aDas, P. Sivaramakrishna _986491 |
||
| 245 |
_aApplied Calculus/ _cP. Sivaramakrishna Das [and] C. Vijayakumari |
||
| 250 | _a1 | ||
| 260 |
_aNoida _bPearson India Education _c2026 |
||
| 270 |
_a15th Floor, Towe-B, World Trade Tower, Plot No.1, Block-C, Sector-16 _bNoida _e201301 |
||
| 300 |
_avpp. _c23cm(pb) |
||
| 500 | _aSolved Competitive Exam Questions Gate, IIT-JEE | ||
| 700 |
_aC. Vijayakumari _eAuthor _986492 |
||
| 942 |
_2ddc _cEN _h515 _mDAS |
||
| 999 |
_c214213 _d214213 |
||